000 00580nam a2200241Ia 4500
003 OSt
005 20220912152049.0
006 a|||||r|||| 00| 0
007 ta
008 220909b |||||||| |||| 00| 0 eng d
024 _a59963
037 _cAnnuals, Advances
040 _aCSL
_beng
_cCSL
041 _aeng
082 _aI23:2, G9
100 _aZeller S M
245 0 _aDevelopmentala morphalogy of alpova
260 _c1939
300 _ap.
_ccm.
650 _aBiology
942 _hI23:2, G9
_cREF
_2CC
999 _c80478
_d80478